Library Banner

Tajahal-i-kalmanah = تجاہل کالمانہ/ (Record no. 122364)

MARC details
000 -LEADER
fixed length control field 00468nam a22001457a 4500
005 - DATE AND TIME OF LATEST TRANSACTION
control field 20210526110336.0
008 - FIXED-LENGTH DATA ELEMENTS--GENERAL INFORMATION
fixed length control field 210526b ||||| |||| 00| 0 eng d
040 ## - CATALOGING SOURCE
Transcribing agency PK-LaUMT
082 ## - DEWEY DECIMAL CLASSIFICATION NUMBER
Classification number RHC 891.4397
Item number ATA-T
100 ## - MAIN ENTRY--PERSONAL NAME
Personal name Ataul Haq Qasmi = عطا الحق قاسمی
245 ## - TITLE STATEMENT
Title Tajahal-i-kalmanah = تجاہل کالمانہ/
Statement of responsibility, etc by Ataul Haq Qasmi = عطا الحق قاسمی
260 ## - PUBLICATION, DISTRIBUTION, ETC. (IMPRINT)
Place of publication, distribution, etc Lahore :
Name of publisher, distributor, etc Maqbool Academy,
Date of publication, distribution, etc 1991
300 ## - PHYSICAL DESCRIPTION
Extent 219 p.
942 ## - ADDED ENTRY ELEMENTS (KOHA)
Koha item type Books
Holdings
Withdrawn status Lost status Damaged status Home library Current library Date acquired Full call number Barcode Date last seen Price effective from Koha item type
      UMT Main Campus UMT Main Campus 2021-05-26 RHC 891.4397 ATA-T 136773 2021-05-26 2021-05-26 Books